[Event "Madrid-chT 2324"]
[Site "Madrid"]
[Date "2023.11.19"]
[Round "1.5"]
[White "Horcajuelo Rocamora, Martin"]
[Black "Rodriguez Avila, Alvaro"]
[Result "1-0"]
[WhiteElo "2281"]
[BlackElo "2190"]
[PlyCount "160"]
[EventDate "2023.11.19"]
[EventType "team-tourn"]
[EventRounds "14"]
[EventCountry "ESP"]
[SourceTitle "AjedrezenMadrid"]
[Source "lmi"]
[SourceDate "2023.11.19"]
[SourceVersion "1"]
[SourceVersionDate "2024.03.19"]
[SourceQuality "1"]
[WhiteTeam "Alcorcon Diagonal"]
[BlackTeam "Tajamar"]
[WhiteTeamCountry "ESP"]
[BlackTeamCountry "ESP"]

1. d4 Nf6 2. c4 e6 3. Nf3 d5 4. Nc3 c6 5. Bg5 h6 6. Bxf6 Qxf6 7. Qb3 a5 8. a3
Nd7 9. e4 dxe4 10. Nxe4 Qf4 11. Bd3 Be7 12. O-O O-O 13. Rfe1 Re8 14. Bc2 b6 15.
Rad1 Ba6 16. Ne5 Nxe5 17. dxe5 Qxe5 18. Nd6 Qc5 19. Nxe8 Bxc4 20. Qg3 Rxe8 21.
Be4 Bf6 22. Rc1 Bxb2 23. Rc2 Bf6 24. Qg4 h5 25. Bh7+ Kxh7 26. Qe4+ g6 27. Rxc4
Qd5 28. Rxc6 Qxe4 29. Rxe4 Rd8 30. g3 Bd4 31. Rf4 Kg8 32. Rf3 Bc5 33. Rc7 Rf8
34. Rd3 Kg7 35. a4 g5 36. Kg2 Kg6 37. h3 Kf5 38. Rf3+ Kg6 39. g4 hxg4 40. hxg4
Bd4 41. Rd3 e5 42. Rc6+ f6 43. f3 Kf7 44. Rd1 Ke7 45. Kf1 Rh8 46. Ke2 Rh3 47.
Kd3 Rxf3+ 48. Ke4 Rf4+ 49. Kd5 Kf7 50. Rh1 Rxg4 51. Rh6 Bb2 52. Rc7+ Kg8 53.
Rg6+ Kh8 54. Ke6 Rh4 55. Rgg7 Rc4 56. Rh7+ Kg8 57. Rcg7+ Kf8 58. Ra7 Kg8 59.
Rhg7+ Kh8 60. Rgd7 Rc8 61. Rd2 Ba3 62. Rh2+ Kg8 63. Kf5 Bf8 64. Rah7 Bg7 65.
Kg6 Rc7 66. Rd2 Kf8 67. Rd8+ Ke7 68. Rb8 Rc6 69. Rxg7+ Ke6 70. Rd8 g4 71. Rdd7
Rd6 72. Rxd6+ Kxd6 73. Kxf6 e4 74. Kf5 e3 75. Rxg4 Kc5 76. Re4 b5 77. Re5+ Kc4
78. axb5 a4 79. b6 a3 80. Rxe3 Kd5 1-0

[Event "Madrid-chT 2324"]
[Site "Madrid"]
[Date "2023.11.19"]
[Round "1.5"]
[White "Medina Riesgo, Pedro"]
[Black "Gavarrete, Nahun"]
[Result "1-0"]
[WhiteElo "2150"]
[BlackElo "2216"]
[PlyCount "63"]
[EventDate "2023.11.19"]
[EventType "team-tourn"]
[EventRounds "14"]
[EventCountry "ESP"]
[SourceTitle "AjedrezenMadrid"]
[Source "lmi"]
[SourceDate "2023.11.19"]
[SourceVersion "1"]
[SourceVersionDate "2024.03.19"]
[SourceQuality "1"]
[WhiteTeam "Mostoles"]
[BlackTeam "Blanco y Negro"]
[WhiteTeamCountry "ESP"]
[BlackTeamCountry "ESP"]

1. e4 c5 2. Nc3 g6 3. f4 Bg7 4. Nf3 Nc6 5. Bb5 Nd4 6. O-O e6 7. Nxd4 cxd4 8.
Ne2 Ne7 9. Qe1 a6 10. Bd3 O-O 11. f5 Nc6 12. Qf2 Be5 13. c3 d5 14. f6 dxe4 15.
Bxe4 d3 16. Ng3 Qd6 17. Bxc6 Bxg3 18. hxg3 bxc6 19. Qe3 Re8 20. b3 Rb8 21. Ba3
Qxa3 22. b4 Kh8 23. Qh6 Rg8 24. Kf2 Rb5 25. g4 Qa4 26. Rh1 Rh5 27. Rxh5 gxh5
28. Rh1 Rg6 29. Qf8+ Rg8 30. Qxf7 Qxa2 31. Ke3 e5 32. Qxa2 1-0

[Event "Madrid-chT 2324"]
[Site "Madrid"]
[Date "2023.11.19"]
[Round "1.5"]
[White "Ruiz Buendia, Miguel"]
[Black "Amador Garcia, Ismael"]
[Result "1/2-1/2"]
[WhiteElo "2244"]
[BlackElo "2273"]
[PlyCount "86"]
[EventDate "2023.11.19"]
[EventType "team-tourn"]
[EventRounds "14"]
[EventCountry "ESP"]
[SourceTitle "AjedrezenMadrid"]
[Source "lmi"]
[SourceDate "2023.11.19"]
[SourceVersion "1"]
[SourceVersionDate "2024.03.19"]
[SourceQuality "1"]
[WhiteTeam "Collado Villalba"]
[BlackTeam "Villalba 64"]
[WhiteTeamCountry "ESP"]
[BlackTeamCountry "ESP"]

1. e4 e5 2. Nf3 Nc6 3. Bb5 a6 4. Ba4 Nf6 5. O-O Be7 6. Re1 b5 7. Bb3 O-O 8. a4
Bb7 9. d3 d6 10. h3 Na5 11. Ba2 c5 12. Bg5 Ne8 13. Bxe7 Qxe7 14. c3 Nc7 15. d4
c4 16. Nbd2 Ne6 17. b4 cxb3 18. Nxb3 Nc4 19. axb5 axb5 20. Nbd2 Nb6 21. Qb3 Ra5
22. Qb2 exd4 23. cxd4 d5 24. exd5 Nxd5 25. Bxd5 Rxa1 26. Rxa1 Bxd5 27. Qxb5 Rd8
28. Qb6 h6 29. Re1 Qf6 30. Re3 Ra8 31. Qd6 Rd8 32. Qe5 Qg6 33. Rc3 Kh7 34. Kh2
Ba8 35. Rc4 Qd3 36. Qe3 Qg6 37. g3 Qf5 38. Rc3 Qd5 39. Qe5 Nxd4 40. Qxd5 Rxd5
41. Nxd4 Rxd4 42. Nf3 Rd6 43. g4 f6 1/2-1/2

[Event "Madrid-chT 2324"]
[Site "Madrid"]
[Date "2023.11.19"]
[Round "1.5"]
[White "Sempere Domenech, Abel"]
[Black "Fernandez Alvarez, Luis"]
[Result "0-1"]
[WhiteElo "1981"]
[BlackElo "2186"]
[PlyCount "208"]
[EventDate "2023.11.19"]
[EventType "team-tourn"]
[EventRounds "14"]
[EventCountry "ESP"]
[SourceTitle "AjedrezenMadrid"]
[Source "lmi"]
[SourceDate "2023.11.19"]
[SourceVersion "1"]
[SourceVersionDate "2024.03.19"]
[SourceQuality "1"]
[WhiteTeam "San Fernando de Henares"]
[BlackTeam "San Sebastian de los Reyes"]
[WhiteTeamCountry "ESP"]
[BlackTeamCountry "ESP"]

1. d4 Nf6 2. c4 d6 3. Nf3 g6 4. Nc3 Bf5 5. g3 Ne4 6. Bd2 Bg7 7. Bg2 Nxc3 8.
Bxc3 Be4 9. Rc1 d5 10. O-O dxc4 11. Qa4+ Nc6 12. Qxc4 Qd5 13. Qxd5 Bxd5 14. b3
Bh6 15. e3 O-O-O 16. Nd2 Bxg2 17. Kxg2 Rhe8 18. Nc4 Bg5 19. f4 Bh6 20. Rfd1 e6
21. b4 b5 22. Nb2 Ne7 23. Bd2 Nd5 24. a4 bxa4 25. Nxa4 Bf8 26. Rc4 Nb6 27.
Nxb6+ axb6 28. Rdc1 Rd7 29. b5 Kb7 30. Ra1 Rd5 31. Rca4 Rxb5 32. Ra7+ Kc8 33.
Rc1 Bd6 34. e4 Kb8 35. Rca1 Rf8 36. e5 Be7 37. R1a2 Kc8 38. f5 exf5 39. Rc2 Bd8
40. Bf4 Ra5 41. Rxa5 bxa5 42. d5 Kd7 43. Bd2 Re8 44. Bc3 c6 45. dxc6+ Kxc6 46.
Bxa5+ Kd7 47. Rd2+ Ke7 48. Bb4+ Ke6 49. Rc2 Be7 50. Bd2 Kxe5 51. Bg5 Ke6 52.
Re2+ Kd7 53. Rd2+ Bd6 54. h4 Rc8 55. h5 Rc3 56. Bf4 Rc6 57. h6 Ke6 58. Re2+ Kf6
59. Re8 Bxf4 60. gxf4 g5 61. fxg5+ Kxg5 62. Rg8+ Kxh6 63. Kf3 Rg6 64. Rf8 Kg7
65. Rd8 Rb6 66. Kf4 Kf6 67. Rh8 Rb4+ 68. Kf3 Kg7 69. Ra8 h5 70. Kg3 Rg4+ 71.
Kf3 h4 72. Ra5 Kf6 73. Ra6+ Kg5 74. Ra8 Rg3+ 75. Kf2 Rb3 76. Rf8 f6 77. Rf7 h3
78. Rh7 Rb2+ 79. Kg1 Kg4 80. Rg7+ Kf3 81. Rh7 Rg2+ 82. Kh1 Rg3 83. Kh2 f4 84.
Ra7 f5 85. Ra3+ Kg4 86. Ra8 Rg2+ 87. Kh1 Re2 88. Rg8+ Kf3 89. Rg7 Kf2 90. Rf7
Re5 91. Kh2 f3 92. Ra7 f4 93. Ra4 Re2 94. Kxh3 Ke3 95. Ra3+ Kf2 96. Ra4 Re5 97.
Ra2+ Kf1 98. Kg4 f2 99. Kf3 Re3+ 100. Kxf4 Rb3 101. Ra8 Ke2 102. Ra2+ Kf1 103.
Ra8 Rd3 104. Ra7 Ke2 0-1

[Event "Madrid-chT 2324"]
[Site "Madrid"]
[Date "2023.11.19"]
[Round "1.6"]
[White "Hernandez Ramos, David"]
[Black "Armesto Robledo, Sebastian Carlos"]
[Result "1-0"]
[WhiteElo "2097"]
[BlackElo "1876"]
[PlyCount "71"]
[EventDate "2023.11.19"]
[EventType "team-tourn"]
[EventRounds "14"]
[EventCountry "ESP"]
[SourceTitle "AjedrezenMadrid"]
[Source "lmi"]
[SourceDate "2023.11.19"]
[SourceVersion "1"]
[SourceVersionDate "2024.03.19"]
[SourceQuality "1"]
[WhiteTeam "San Sebastian de los Reyes"]
[BlackTeam "San Fernando de Henares"]
[WhiteTeamCountry "ESP"]
[BlackTeamCountry "ESP"]

1. d4 Nf6 2. c4 d6 3. Nf3 Nbd7 4. Nc3 e5 5. e4 Be7 6. Be2 c6 7. O-O O-O 8. h3
Qc7 9. Be3 Re8 10. Qc2 Nf8 11. a3 Ng6 12. Qd2 Nxe4 13. Nxe4 f5 14. Nxd6 Bxd6
15. dxe5 Nxe5 16. Bd4 Nxf3+ 17. Bxf3 Bf4 18. Qc2 c5 19. Bd5+ Kh8 20. Rfe1 Bd7
21. Bc3 Bd6 22. Rad1 Rxe1+ 23. Rxe1 Rf8 24. Qd3 Bc6 25. Re6 Bd7 26. Re3 f4 27.
Re1 Bc6 28. Re6 f3 29. Rh6 Bh2+ 30. Kh1 fxg2+ 31. Kxg2 Bxd5+ 32. cxd5 Rxf2+ 33.
Kxf2 Qf4+ 34. Qf3 Bg1+ 35. Kg2 Qg5+ 36. Kh1 1-0

[Event "Madrid-chT 2324"]
[Site "Madrid"]
[Date "2023.11.19"]
[Round "1.6"]
[White "Pinto, Daniel"]
[Black "Centeno Mendoza, Julio Stefano"]
[Result "1/2-1/2"]
[WhiteElo "2268"]
[BlackElo "2077"]
[PlyCount "141"]
[EventDate "2023.11.19"]
[EventType "team-tourn"]
[EventRounds "14"]
[EventCountry "ESP"]
[SourceTitle "AjedrezenMadrid"]
[Source "lmi"]
[SourceDate "2023.11.19"]
[SourceVersion "1"]
[SourceVersionDate "2024.03.19"]
[SourceQuality "1"]
[WhiteTeam "Villalba 64"]
[BlackTeam "Collado Villalba"]
[WhiteTeamCountry "ESP"]
[BlackTeamCountry "ESP"]

1. e4 e5 2. Nf3 Nc6 3. Bb5 a6 4. Ba4 Nf6 5. O-O Be7 6. d3 b5 7. Bb3 O-O 8. h3
d6 9. Bd2 Be6 10. Nc3 Bxb3 11. axb3 Re8 12. Ne2 d5 13. Ng3 h6 14. c3 a5 15. Qe2
Bf8 16. Rfc1 Rb8 17. Nf5 Qd7 18. g4 g6 19. Ng3 dxe4 20. dxe4 Qe6 21. Qd1 Nd7
22. Be3 Nc5 23. Bxc5 Bxc5 24. Qd5 Bb6 25. Kg2 Qf6 26. Qd2 Kg7 27. Rd1 Red8 28.
g5 hxg5 29. Qxg5 Qxg5 30. Nxg5 Ne7 31. h4 c6 32. Kf1 Kf6 33. Ke2 Rxd1 34. Rxd1
Rd8 35. Rf1 Bc7 36. Ra1 Nc8 37. Nf1 Ke7 38. Nd2 Nd6 39. Ngf3 f6 40. b4 a4 41.
Ne1 Bb6 42. Ng2 Ke6 43. f3 f5 44. Rc1 fxe4 45. fxe4 Rf8 46. Rf1 Rxf1 47. Kxf1
c5 48. bxc5 Bxc5 49. Ke2 b4 50. Kd3 bxc3 51. bxc3 Bf2 52. Ke2 Bb6 53. Kd3 Bf2
54. Ke2 a3 55. Kxf2 a2 56. Nb3 Nxe4+ 57. Ke1 Nxc3 58. Ne3 Nb5 59. Kf2 Nd4 60.
Na1 Kf6 61. Nd5+ Kf5 62. Nc3 Kg4 63. Nxa2 Kxh4 64. Nb4 Kg4 65. Nac2 Nxc2 66.
Nxc2 Kf4 67. Ne3 g5 68. Ng2+ Kg4 69. Ne3+ Kf4 70. Ng2+ Kg4 71. Ke3 1/2-1/2

[Event "Madrid-chT 2324"]
[Site "Madrid"]
[Date "2023.11.19"]
[Round "1.6"]
[White "Rodriguez Lopez, David"]
[Black "Cubas Cabrera, Angel Luis"]
[Result "1-0"]
[WhiteElo "2142"]
[BlackElo "2195"]
[PlyCount "59"]
[EventDate "2023.11.19"]
[EventType "team-tourn"]
[EventRounds "14"]
[EventCountry "ESP"]
[SourceTitle "AjedrezenMadrid"]
[Source "lmi"]
[SourceDate "2023.11.19"]
[SourceVersion "1"]
[SourceVersionDate "2024.03.19"]
[SourceQuality "1"]
[WhiteTeam "Tajamar"]
[BlackTeam "Alcorcon Diagonal"]
[WhiteTeamCountry "ESP"]
[BlackTeamCountry "ESP"]

1. e4 e5 2. Nf3 Nc6 3. Bb5 Nf6 4. d3 Bd6 5. Nbd2 a6 6. Ba4 b5 7. Bb3 O-O 8. a4
Bb7 9. O-O h6 10. Re1 Re8 11. Nf1 Bf8 12. Ne3 Na5 13. Ba2 d5 14. exd5 Nxd5 15.
Bd2 Nxe3 16. Rxe3 Nc6 17. Bc3 Bc5 18. Nxe5 Nxe5 19. Rxe5 Rxe5 20. Bxe5 Qg5 21.
Bg3 h5 22. Qc1 Qg6 23. Qf4 Bd6 24. Qd4 Bxg3 25. fxg3 bxa4 26. Rf1 Rf8 27. Qxa4
h4 28. Bxf7+ Rxf7 29. Qe8+ Kh7 30. Qxf7 1-0

[Event "Madrid-chT 2324"]
[Site "Madrid"]
[Date "2023.11.19"]
[Round "1.6"]
[White "Rodriguez Melendez, Juan Humbert"]
[Black "Guillo Longares, Cecilia"]
[Result "1/2-1/2"]
[WhiteElo "2063"]
[BlackElo "2093"]
[PlyCount "102"]
[EventDate "2023.11.19"]
[EventType "team-tourn"]
[EventRounds "14"]
[EventCountry "ESP"]
[SourceTitle "AjedrezenMadrid"]
[Source "lmi"]
[SourceDate "2023.11.19"]
[SourceVersion "1"]
[SourceVersionDate "2024.03.19"]
[SourceQuality "1"]
[WhiteTeam "Blanco y Negro"]
[BlackTeam "Mostoles"]
[WhiteTeamCountry "ESP"]
[BlackTeamCountry "ESP"]

1. d4 Nf6 2. c4 g6 3. g3 Bg7 4. Bg2 O-O 5. Nf3 c5 6. d5 e6 7. Nc3 exd5 8. cxd5
d6 9. O-O Re8 10. Bf4 a6 11. a4 h6 12. Qc1 g5 13. Bd2 Bf5 14. h4 g4 15. Nh2 h5
16. Re1 Nbd7 17. Nf1 Ne5 18. Bh6 Bg6 19. Bxg7 Kxg7 20. Nd2 b6 21. b3 Ra7 22.
Qb2 Rae7 23. Rec1 Qb8 24. Nc4 b5 25. axb5 axb5 26. Ne3 b4 27. Nb1 Ne4 28. Bxe4
Bxe4 29. Nd2 Bg6 30. Ndc4 Kg8 31. Ra6 Nxc4 32. Rxc4 Ra7 33. Qa1 Rxa6 34. Qxa6
Qa8 35. Qxd6 Qa1+ 36. Kg2 Qe1 37. Qf4 Ra8 38. Nxg4 hxg4 39. Qxg4 Ra1 40. Kf3
Qh1+ 41. Kf4 Qxd5 42. Qc8+ Kh7 43. Qxc5 Qd2+ 44. Qe3 Qd7 45. Qe5 Qd2+ 46. Kf3
Rd1 47. h5 Bc2 48. e4 Qd3+ 49. Kf4 Qd2+ 50. Kf3 Qd3+ 51. Kf4 Qd2+ 1/2-1/2

[Event "Madrid-chT 2324"]
[Site "Madrid"]
[Date "2023.11.25"]
[Round "2.1"]
[White "Alonso Garcia, Aaron"]
[Black "Plazuelo Pascual, Juan"]
[Result "1-0"]
[WhiteElo "2429"]
[BlackElo "2429"]
[PlyCount "83"]
[EventDate "2023.11.19"]
[EventType "team-tourn"]
[EventRounds "14"]
[EventCountry "ESP"]
[SourceTitle "AjedrezenMadrid"]
[Source "lmi"]
[SourceDate "2023.11.19"]
[SourceVersion "1"]
[SourceVersionDate "2024.03.19"]
[SourceQuality "1"]
[WhiteTeam "Villalba 64"]
[BlackTeam "Alcorcon Diagonal"]
[WhiteTeamCountry "ESP"]
[BlackTeamCountry "ESP"]

1. e4 c5 2. Nf3 d6 3. d4 cxd4 4. Nxd4 Nf6 5. Nc3 a6 6. Be2 e5 7. Nb3 Be7 8. O-O
O-O 9. Kh1 Re8 10. Be3 Be6 11. f3 Nbd7 12. Nd5 Bxd5 13. exd5 Rc8 14. c4 a5 15.
Rc1 Nh5 16. Qd2 b6 17. g3 g6 18. f4 Ng7 19. fxe5 dxe5 20. d6 Bf8 21. c5 bxc5
22. Bb5 Rb8 23. a4 Re6 24. Nxa5 Rxd6 25. Qc3 Qc7 26. b4 Ne6 27. bxc5 Ndxc5 28.
Kg1 Nd4 29. Bxd4 exd4 30. Qxc5 Qxa5 31. Rxf7 Qb6 32. Qxb6 Rdxb6 33. Rcc7 Rc8
34. Rg7+ Bxg7 35. Bc4+ Kf8 36. Rxc8+ Ke7 37. Rc7+ Kd6 38. Rxg7 Rb1+ 39. Kg2
Rb2+ 40. Kh3 Rc2 41. Bb5 Rc3 42. Rxh7 1-0

[Event "Madrid-chT 2324"]
[Site "Madrid"]
[Date "2023.11.25"]
[Round "2.1"]
[White "Taboas Rodriguez, Daniel"]
[Black "Vazquez Igarza, Renier"]
[Result "0-1"]
[WhiteElo "2368"]
[BlackElo "2510"]
[PlyCount "134"]
[EventDate "2023.11.19"]
[EventType "team-tourn"]
[EventRounds "14"]
[EventCountry "ESP"]
[SourceTitle "AjedrezenMadrid"]
[Source "lmi"]
[SourceDate "2023.11.19"]
[SourceVersion "1"]
[SourceVersionDate "2024.03.19"]
[SourceQuality "1"]
[WhiteTeam "Blanco y Negro"]
[BlackTeam "Collado Villalba"]
[WhiteTeamCountry "ESP"]
[BlackTeamCountry "ESP"]

1. d4 Nf6 2. Nf3 e6 3. c4 b6 4. Nc3 Bb4 5. Qc2 Bb7 6. a3 Bxc3+ 7. Qxc3 O-O 8.
g3 c5 9. Bg2 cxd4 10. Qxd4 Nc6 11. Qh4 Rc8 12. Bg5 Na5 13. Rc1 h6 14. Be3 Be4
15. O-O Rxc4 16. Bd4 Bxf3 17. Bxf3 d5 18. e3 e5 19. Rxc4 Nxc4 20. Bc3 Ne4 21.
Bxe4 Qxh4 22. gxh4 dxe4 23. b3 Nd6 24. Bxe5 Nf5 25. Bg3 Rc8 26. Rd1 a6 27. a4
f6 28. Rd5 Rc5 29. Rd7 b5 30. Rb7 bxa4 31. bxa4 Rc4 32. a5 Ra4 33. Kg2 h5 34.
Rb6 Rxa5 35. Rb4 Nxg3 36. Kxg3 Re5 37. Rb7 Kh7 38. Ra7 Ra5 39. h3 Kg6 40. Kf4
Rf5+ 41. Kg3 Ra5 42. Kf4 Ra2 43. Kg3 a5 44. Re7 f5 45. Re6+ Kf7 46. Ra6 a4 47.
Ra7+ Kf6 48. Ra6+ Ke5 49. Ra5+ Ke6 50. Ra7 a3 51. Rxg7 Re2 52. Ra7 a2 53. Ra5
Kd6 54. Ra8 Kc5 55. Ra4 Kb5 56. Ra8 Kc4 57. f3 Rxe3 58. Rxa2 Rxf3+ 59. Kg2 Kd4
60. Ra8 Rb3 61. Rh8 f4 62. Rxh5 Rb2+ 63. Kg1 Ke3 64. Rf5 Rb1+ 65. Kh2 f3 66. h5
f2 67. h6 f1=Q 0-1

[Event "Madrid-chT 2324"]
[Site "Madrid"]
[Date "2023.11.26"]
[Round "2.1"]
[White "Fernandez Blazquez, Diego"]
[Black "Moreno Ruiz, Javier"]
[Result "1/2-1/2"]
[WhiteElo "2229"]
[BlackElo "2409"]
[PlyCount "32"]
[EventDate "2023.11.19"]
[EventType "team-tourn"]
[EventRounds "14"]
[EventCountry "ESP"]
[SourceTitle "AjedrezenMadrid"]
[Source "lmi"]
[SourceDate "2023.11.19"]
[SourceVersion "1"]
[SourceVersionDate "2024.03.19"]
[SourceQuality "1"]
[WhiteTeam "San Fernando de Henares"]
[BlackTeam "Mostoles"]
[WhiteTeamCountry "ESP"]
[BlackTeamCountry "ESP"]

1. Nf3 Nf6 2. c4 g6 3. g3 Bg7 4. Bg2 O-O 5. O-O d6 6. d4 Nc6 7. Nc3 e5 8. dxe5
Nxe5 9. Nxe5 dxe5 10. Qxd8 Rxd8 11. Bg5 Rd4 12. Nd5 Nxd5 13. cxd5 Bg4 14. e4 c6
15. dxc6 bxc6 16. Rfc1 Bd7 1/2-1/2

[Event "Madrid-chT 2324"]
[Site "Madrid"]
[Date "2023.11.26"]
[Round "2.1"]
[White "Reyes Larena, Juan"]
[Black "Elissalt Cardenas, Hector"]
[Result "1/2-1/2"]
[WhiteElo "2442"]
[BlackElo "2327"]
[PlyCount "130"]
[EventDate "2023.11.19"]
[EventType "team-tourn"]
[EventRounds "14"]
[EventCountry "ESP"]
[SourceTitle "AjedrezenMadrid"]
[Source "lmi"]
[SourceDate "2023.11.19"]
[SourceVersion "1"]
[SourceVersionDate "2024.03.19"]
[SourceQuality "1"]
[WhiteTeam "San Sebastian de los Reyes"]
[BlackTeam "Tajamar"]
[WhiteTeamCountry "ESP"]
[BlackTeamCountry "ESP"]

1. e4 d6 2. d4 Nf6 3. Nc3 e5 4. Nf3 Nbd7 5. a4 Be7 6. Bc4 O-O 7. O-O c6 8. Ba2
a5 9. Re1 h6 10. h3 Nh7 11. Be3 Ng5 12. Qe2 Nxf3+ 13. Qxf3 Bg5 14. dxe5 Bxe3
15. Qxe3 dxe5 16. Rad1 Qb6 17. Bxf7+ Rxf7 18. Rxd7 Qxe3 19. Rd8+ Rf8 20. Rxf8+
Kxf8 21. Rxe3 Be6 22. Kf1 Ke7 23. Ke1 g5 24. b3 Rd8 25. f3 h5 26. Ke2 h4 27.
Rd3 Rxd3 28. Kxd3 Kd6 29. Nd1 b5 30. Nb2 Bc8 31. c4 Ba6 32. Kc3 Kc5 33. Nd3+
Kd6 34. Nf2 bxa4 35. bxa4 Bc8 36. Nd3 c5 37. Nc1 Bd7 38. Kb3 Be8 39. Ne2 Bc6
40. Nc3 Be8 41. Nd5 Bf7 42. Nf6 Ke7 43. Ng4 Kd6 44. Ne3 Be6 45. Nd1 Bf7 46. Kc3
Be8 47. Nb2 Bd7 48. Kd3 Be8 49. Ke3 Bc6 50. Kf2 Bd7 51. g3 Ke7 52. Kg2 Kd6 53.
g4 Bc6 54. Kf2 Be8 55. Ke3 Bc6 56. Kd3 Be8 57. Kc3 Bc6 58. Kb3 Be8 59. Nd1 Bf7
60. Ne3 Be8 61. Nd5 Bc6 62. Ka3 Ke6 63. Ne3 Kd6 64. Nf1 Kd7 65. Nd2 Kc7 1/2-1/2

[Event "Madrid-chT 2324"]
[Site "Madrid"]
[Date "2023.11.25"]
[Round "2.2"]
[White "Aranda Marin, Cristian"]
[Black "Rey Martinez, Jaime"]
[Result "1/2-1/2"]
[WhiteElo "2361"]
[BlackElo "2344"]
[PlyCount "114"]
[EventDate "2023.11.19"]
[EventType "team-tourn"]
[EventRounds "14"]
[EventCountry "ESP"]
[SourceTitle "AjedrezenMadrid"]
[Source "lmi"]
[SourceDate "2023.11.19"]
[SourceVersion "1"]
[SourceVersionDate "2024.03.19"]
[SourceQuality "1"]
[WhiteTeam "Villalba 64"]
[BlackTeam "Alcorcon Diagonal"]
[WhiteTeamCountry "ESP"]
[BlackTeamCountry "ESP"]

1. Nf3 c5 2. c4 g6 3. Nc3 Nf6 4. g3 Nc6 5. Bg2 Bg7 6. O-O O-O 7. d3 d5 8. Bf4
d4 9. Na4 Nh5 10. Bd2 Qd6 11. a3 b6 12. b4 cxb4 13. axb4 Nxb4 14. Ng5 Nc6 15.
Nxb6 Rb8 16. Nxc8 Rfxc8 17. Bd5 e6 18. Bxc6 Qxc6 19. Rxa7 Rc7 20. Qa1 e5 21.
Rxc7 Qxc7 22. Qa5 Qxa5 23. Bxa5 Nf6 24. Bc7 Re8 25. Rb1 h6 26. Nf3 Nd7 27. Nd2
f5 28. Rb7 Nc5 29. Rb5 Na4 30. Rb8 Kf7 31. Rxe8 Kxe8 32. Kf1 Kd7 33. Ba5 Bf8
34. Nb3 Kc6 35. f4 Bg7 36. fxe5 Bxe5 37. Kf2 Nb2 38. Bd2 g5 39. Bc1 Nd1+ 40.
Ke1 Nc3 41. e3 dxe3 42. Bxe3 f4 43. gxf4 gxf4 44. Bg1 Na4 45. d4 Bc7 46. d5+
Kd6 47. Nd4 Bb6 48. Kd2 Nb2 49. Kc3 Nd1+ 50. Kd3 Nb2+ 51. Ke4 Nxc4 52. Nf5+ Kd7
53. Bxb6 Nxb6 54. Nxh6 f3 55. Ng4 Kd6 56. Kxf3 Nxd5 57. h4 Ke6 1/2-1/2

[Event "Madrid-chT 2324"]
[Site "Madrid"]
[Date "2023.11.25"]
[Round "2.2"]
[White "Pulvett Marin, Daniel Eduardo"]
[Black "Bolado Saez, Sergio"]
[Result "1/2-1/2"]
[WhiteElo "2494"]
[BlackElo "2310"]
[PlyCount "44"]
[EventDate "2023.11.19"]
[EventType "team-tourn"]
[EventRounds "14"]
[EventCountry "ESP"]
[SourceTitle "AjedrezenMadrid"]
[Source "lmi"]
[SourceDate "2023.11.19"]
[SourceVersion "1"]
[SourceVersionDate "2024.03.19"]
[SourceQuality "1"]
[WhiteTeam "Collado Villalba"]
[BlackTeam "Blanco y Negro"]
[WhiteTeamCountry "ESP"]
[BlackTeamCountry "ESP"]

1. d4 Nf6 2. Nf3 d5 3. c4 e6 4. Nc3 c6 5. Bg5 Nbd7 6. e3 h6 7. Bh4 g5 8. Bg3
Nh5 9. Qc2 Nxg3 10. hxg3 Bg7 11. O-O-O Qe7 12. Kb1 b6 13. cxd5 cxd5 14. Bd3 Bb7
15. g4 a6 16. Ne2 Qd6 17. Ng3 Ke7 18. e4 Rhc8 19. Qe2 Kd8 20. e5 Qb4 21. Rc1 b5
22. a3 Qa5 1/2-1/2

[Event "Madrid-chT 2324"]
[Site "Madrid"]
[Date "2023.11.25"]
[Round "2.2"]
[White "Sanz Wawer, Daniel"]
[Black "Trost, Edvin"]
[Result "1/2-1/2"]
[WhiteElo "2377"]
[BlackElo "2440"]
[PlyCount "122"]
[EventDate "2023.11.19"]
[EventType "team-tourn"]
[EventRounds "14"]
[EventCountry "ESP"]
[SourceTitle "AjedrezenMadrid"]
[Source "lmi"]
[SourceDate "2023.11.19"]
[SourceVersion "1"]
[SourceVersionDate "2024.03.19"]
[SourceQuality "1"]
[WhiteTeam "Alcorcon Diagonal"]
[BlackTeam "Villalba 64"]
[WhiteTeamCountry "ESP"]
[BlackTeamCountry "ESP"]

1. d4 d5 2. Nf3 Nf6 3. e3 c6 4. Bd3 Bg4 5. Nbd2 e6 6. O-O Nbd7 7. c4 Be7 8. b3
O-O 9. Bb2 a5 10. a3 Bf5 11. Qc2 Bxd3 12. Qxd3 Qb6 13. Rab1 Rfd8 14. Rfd1 h6
15. e4 dxe4 16. Nxe4 Nxe4 17. Qxe4 Qxb3 18. d5 cxd5 19. cxd5 Bf6 20. Qe2 Qa2
21. dxe6 Qxe6 22. Qxe6 fxe6 23. Bxf6 Nxf6 24. Re1 Rd3 25. Rxb7 Rxa3 26. Nd4 Rd3
27. Nxe6 Re8 28. f4 Rd7 29. Rxd7 Nxd7 30. f5 Nf8 31. Re5 Ra8 32. Nc7 Ra7 33.
Nb5 Ra6 34. Nc7 Rc6 35. Ne6 Ra6 36. Nc7 Ra7 37. Nb5 Rd7 38. Na3 a4 39. Ra5 Rd4
40. Ra7 Nd7 41. Nb5 Rd1+ 42. Kf2 Nc5 43. Nc7 Rd2+ 44. Kf3 Rd3+ 45. Ke2 Rd7 46.
Ra8+ Kf7 47. Ne6 Ne4 48. Ke3 Nc3 49. Nc5 Re7+ 50. Kd3 Nd1 51. Nxa4 Ne3 52. g3
Nxf5 53. Nc5 Re1 54. Ra2 Kg6 55. Re2 Rd1+ 56. Ke4 Nd4 57. Ra2 Nb5 58. Ra6+ Kh5
59. Ne6 Nc3+ 60. Kf3 Kg6 61. Rc6 Rd3+ 1/2-1/2

[Event "Madrid-chT 2324"]
[Site "Madrid"]
[Date "2023.11.26"]
[Round "2.2"]
[White "Beltran de Heredia Eguiaz, Miguel Angel"]
[Black "Perez Gonzalez, Jose Manuel"]
[Result "1/2-1/2"]
[WhiteElo "2221"]
[BlackElo "2203"]
[PlyCount "39"]
[EventDate "2023.11.19"]
[EventType "team-tourn"]
[EventRounds "14"]
[EventCountry "ESP"]
[SourceTitle "AjedrezenMadrid"]
[Source "lmi"]
[SourceDate "2023.11.19"]
[SourceVersion "1"]
[SourceVersionDate "2024.03.19"]
[SourceQuality "1"]
[WhiteTeam "Mostoles"]
[BlackTeam "San Fernando de Henares"]
[WhiteTeamCountry "ESP"]
[BlackTeamCountry "ESP"]

1. e4 d6 2. d4 Nf6 3. Nc3 g6 4. Bg5 Bg7 5. Qd2 h6 6. Bh4 O-O 7. f4 e5 8. dxe5
Nxe4 9. Bxd8 Nxd2 10. Bxc7 Nxf1 11. Kxf1 dxe5 12. Bxe5 Bxe5 13. fxe5 Nc6 14.
Nf3 Bg4 15. Kf2 Bxf3 16. gxf3 Rad8 17. Rad1 Nxe5 18. Rhe1 Rxd1 19. Nxd1 Rd8 20.
Rxe5 1/2-1/2